Analýza rozptylu a systém SAS

Analýza rozptylu (ANOVA) ako štatistická metóda vhodná na vyhodnocovanie experimentálnych údajov. Analýza rozptylu v systéme SAS. Určenie efektov v analýze rozptylu v systéme SAS. Viacnásobné porovnávania.

Na minha lista:
Detalhes bibliográficos
Autor principal: Stankovičová, Iveta
Formato: Capítulo de Livro
Idioma:eslovaco
Assuntos:
Tags: Adicionar Tag
Sem tags, seja o primeiro a adicionar uma tag!

MARC

LEADER 00000naa$a2200000$$$4500
001 0039842
005 20220715093538.0
041 0 |a slo 
044 |a SK 
245 1 0 |a Analýza rozptylu a systém SAS  |c Iveta Stankovičová 
520 |a Analýza rozptylu (ANOVA) ako štatistická metóda vhodná na vyhodnocovanie experimentálnych údajov. Analýza rozptylu v systéme SAS. Určenie efektov v analýze rozptylu v systéme SAS. Viacnásobné porovnávania. 
610 2 0 |a analýzy 
610 2 0 |a porovnanie štatistické 
610 2 0 |a metódy štatistické 
610 2 0 |a modely lineárne 
610 2 0 |a hypotézy štatistické 
610 2 0 |a výstupy 
610 2 0 |a softvér 
100 1 |a Stankovičová, Iveta